000 00481nam a2200181Ia 4500
005 20250326143039.0
008 250326s9999 xx 000 0 und d
037 _aTextbook
040 _aFMSL
_beng
_cFMSL
041 _aeng
_2eng
084 _aX:51ot8 P3
_qFMSL
100 _aKotler P
245 0 _aMarketing management
_cKotler P
260 _aIndia
_bIndia, Pearson Education
_c2003
300 _a830p
942 _cTB
_hX:51ot8 P3
999 _c1297869
_d1297869